| 000 | 00672nam a2200169 4500 | ||
|---|---|---|---|
| 008 | 040702s2003 -hk chi | ||
| 020 |
_a9622710611 : _cNT312.00 |
||
| 090 |
_aBS475.3 _bOr4c |
||
| 245 | 1 | 0 |
_a聖經研究導引 Orientation to biblical studies {ch} / _c周永健 editor, Wilson W. Chow. |
| 260 |
_aHong Kong : _b中國神學研究院 China Graduate School of Theology, _cc2003. |
||
| 300 | _axvi, 219 p. | ||
| 650 | 4 |
_aBible _xCriticism, interpretation, etc. {ch}. |
|
| 650 | 4 |
_aBible _xIntroductions {ch}. |
|
| 650 | 4 |
_aBible _xStudy and teaching {ch}. |
|
| 700 | 1 | _aChow, Wilson W. | |
| 951 |
_pC-5282 _x00028043 _oBS475.3/Or4c _j070613111403296 _d2000-12-21 _cCH |
||
| 999 |
_c20431 _d20431 |
||